[Event "3rd Novi Sad it"]
[Site "Novi Sad"]
[Date "1974.10.21"]
[EventDate "1974.10.13"]
[Round "8.6"]
[White "Radulov, Ivan"]
[Black "Forintos, Gyozo"]
[Result "1/2-1/2"]
[WhiteElo "2490"]
[BlackElo "2490"]
[PlyCount "33"]
[Source "Perpetual Check"]

1. e4 g6 2. d4 Bg7 3. Nc3 c5 4. Nf3 cxd4 5. Nxd4 Nc6 6. Be3 Nf6 7. Be2 O-O 8.
O-O d5 9. exd5 Nxd5 10. Nxd5 Nxd4 11. Bxd4 Qxd5 12. Bxg7 Qxd1 13. Rfxd1 Kxg7
14. Bf3 Be6 15. b3 Rac8 16. c4 b6 17. Rd2 1/2-1/2

[Event "3rd Novi Sad it"]
[Site "Novi Sad"]
[Date "1974.10.21"]
[EventDate "1974.10.13"]
[Round "8.7"]
[White "Marjan, Dusan"]
[Black "Raicevic, Vladimir"]
[Result "0-1"]
[WhiteElo "2250"]
[BlackElo "2490"]
[PlyCount "154"]
[Source "Perpetual Check"]

1. e4 e6 2. Qe2 b6 3. g3 Bb7 4. Bg2 d5 5. d3 dxe4 6. dxe4 Nf6 7. Nc3 Nc6 8. Bd2
Nd4 9. Qd3 Ng4 10. Nge2 Qf6 11. f3 Nxe2 12. Qxe2 Ne5 13. O-O-O O-O-O 14. f4 Nc6
15. Nb5 e5 16. h4 Kb8 17. fxe5 Qe6 18. Kb1 Nxe5 19. Bh3 Qe8 20. Bf4 Rxd1+ 21.
Rxd1 Bc5 22. Nc3 f6 23. a3 Qc6 24. Qd2 Bd6 25. Be6 Qe8 26. Bb3 Bc8 27. Ba4 Qe6
28. Bb3 Qg4 29. Qe2 Qxe2 30. Nxe2 Bg4 31. Rd2 Nf3 32. Rd3 Be5 33. Bxe5 Nxe5 34.
Re3 Rd8 35. Kc1 c6 36. Nc3 Kc7 37. Re1 Nf3 38. Re3 a5 39. Bf7 b5 40. b3 Rf8 41.
Be6 Ne5 42. Bxg4 Nxg4 43. Re2 Re8 44. Kd2 Kb6 45. Nd1 Rd8+ 46. Ke1 Kc5 47. Nf2
Ne5 48. Re3 Ra8 49. Ke2 a4 50. Nd3+ Nxd3 51. Rxd3 axb3 52. Rxb3 Kd4 53. Kf3 Ra4
54. Rd3+ Ke5 55. Rc3 Kd6 56. Kf4 c5 57. Kf5 c4 58. Re3 Ra5 59. Kf4 Ra6 60. h5
Ke6 61. e5 f5 62. Kg5 Ra4 63. Rf3 c3 64. Rf4 Rxa3 65. Rxf5 Ra2 66. Rf2 Kxe5 67.
Rf5+ Kd4 68. Rxb5 Rxc2 69. Rb7 Rg2 70. Kf4 c2 71. Rd7+ Kc3 72. Kf3 Rg1 73. Rxg7
c1=Q 74. Rc7+ Kd4 75. Rxc1 Rxc1 76. Kf4 Rc5 77. g4 h6 0-1

[Event "3rd Novi Sad it"]
[Site "Novi Sad"]
[Date "1974.10.21"]
[EventDate "1974.10.13"]
[Round "8.8"]
[White "Suba, Mihai"]
[Black "Hernandez Onna, Roman"]
[Result "0-1"]
[WhiteElo "2460"]
[BlackElo "2395"]
[PlyCount "78"]
[Source "Perpetual Check"]

1. c4 e6 2. Nc3 d5 3. d4 c5 4. cxd5 exd5 5. Nf3 Nc6 6. g3 Nf6 7. Bg2 Be7 8. O-O
O-O 9. Be3 c4 10. Ne5 Be6 11. b3 cxb3 12. Nxc6 bxc6 13. axb3 h6 14. Bc1 Qd7 15.
Ba3 Bxa3 16. Rxa3 Bh3 17. Qd3 Rfe8 18. Rfa1 Bxg2 19. Kxg2 Ne4 20. Nxe4 Rxe4 21.
Ra6 h5 22. h4 g6 23. e3 Kg7 24. Qc2 Re6 25. Qc5 Rf6 26. R1a2 Qe6 27. Rxa7 Qe4+
28. Kh2 Rxa7 29. Qxa7 g5 30. hxg5 Rf5 31. Qd7 h4 32. f4 hxg3+ 33. Kh3 g2 34.
Rxg2 Qxe3+ 35. Rg3 Qxf4 36. Qe7 Qf1+ 37. Rg2 Qh1+ 38. Kg3 Qh5 39. b4 Rf3# 0-1

[Event "3rd Novi Sad it"]
[Site "Novi Sad"]
[Date "1974.10.23"]
[EventDate "1974.10.13"]
[Round "9.1"]
[White "Hernandez Onna, Roman"]
[Black "Tal, Mikhail"]
[Result "1/2-1/2"]
[WhiteElo "2395"]
[BlackElo "2635"]
[PlyCount "23"]
[Source "Perpetual Check"]

1. c4 g6 2. d4 Bg7 3. Nc3 c5 4. d5 d6 5. e4 Nf6 6. Bd3 e6 7. dxe6 Bxe6 8. f4
O-O 9. Nf3 Nc6 10. f5 Bc8 11. O-O Qb6 12. Kh1 1/2-1/2

[Event "3rd Novi Sad it"]
[Site "Novi Sad"]
[Date "1974.10.23"]
[EventDate "1974.10.13"]
[Round "9.2"]
[White "Raicevic, Vladimir"]
[Black "Suba, Mihai"]
[Result "0-1"]
[WhiteElo "2490"]
[BlackElo "2460"]
[PlyCount "72"]
[Source "Perpetual Check"]

1. c4 e5 2. Nc3 Nf6 3. Nf3 e4 4. Ng5 b5 5. Qc2 bxc4 6. Ngxe4 Bb7 7. Nxf6+ Qxf6
8. Qa4 Bc5 9. e3 O-O 10. Qxc4 Bb6 11. Nd5 Qd6 12. Nf4 Re8 13. Be2 Nc6 14. O-O
Nd4 15. Bd1 Re4 16. Qc3 Rae8 17. Nh3 Qg6 18. f3 Rh4 19. Kh1 Nf5 20. d4 Qe6 21.
Bb3 Qh6 22. e4 Ng3+ 23. hxg3 Rxh3+ 24. Kg1 Rh1+ 25. Kf2 Rxf1+ 26. Kxf1 Qh1+ 27.
Kf2 Ba6 28. g4 Bf1 29. Bd1 Qxg2+ 30. Ke1 d5 31. Be3 dxe4 32. f4 Bd3 33. b4 h5
34. gxh5 c5 35. h6 cxd4 36. Qc6 dxe3 0-1

[Event "3rd Novi Sad it"]
[Site "Novi Sad"]
[Date "1974.10.23"]
[EventDate "1974.10.13"]
[Round "9.3"]
[White "Forintos, Gyozo"]
[Black "Marjan, Dusan"]
[Result "1-0"]
[WhiteElo "2490"]
[BlackElo "2250"]
[PlyCount "55"]
[Source "Perpetual Check"]

1. d4 d5 2. c4 e6 3. Nc3 f5 4. Nf3 Nf6 5. g3 c6 6. Bg2 Bd6 7. O-O O-O 8. b3 Qe8
9. Na4 Nbd7 10. Nb2 Ne4 11. Nd3 Qh5 12. Qc2 Ndf6 13. Nfe5 Ng4 14. Nxg4 fxg4 15.
Bf4 g5 16. Be5 Be7 17. Bxe4 dxe4 18. Nb2 Qg6 19. c5 Bf6 20. Nc4 Bxe5 21. dxe5
b6 22. cxb6 Ba6 23. bxa7 Rxa7 24. Nd6 Rg7 25. Rae1 c5 26. Qxe4 Qh5 27. f3 Bxe2
28. fxg4 1-0

[Event "3rd Novi Sad it"]
[Site "Novi Sad"]
[Date "1974.10.23"]
[EventDate "1974.10.13"]
[Round "9.4"]
[White "Buljovcic, Ivan"]
[Black "Radulov, Ivan"]
[Result "1/2-1/2"]
[WhiteElo "2460"]
[BlackElo "2490"]
[PlyCount "51"]
[Source "Perpetual Check"]

1. e4 c5 2. c3 Nf6 3. e5 Nd5 4. d4 cxd4 5. Qxd4 e6 6. Nf3 Nc6 7. Qe4 d6 8. Nbd2
a6 9. Nc4 dxe5 10. Ncxe5 Nxe5 11. Qxe5 Qd6 12. Bc4 Qxe5+ 13. Nxe5 Nb6 14. Bb3
Bd6 15. Bf4 f6 16. Ng6 Bxf4 17. Nxf4 e5 18. O-O-O Bd7 19. Ne6 Bxe6 20. Bxe6 Ke7
21. Bg4 Rad8 22. Bf3 Rb8 23. b3 Rhc8 24. Kb2 Rc7 25. Rd3 Nd7 26. Rhd1 1/2-1/2

[Event "3rd Novi Sad it"]
[Site "Novi Sad"]
[Date "1974.10.23"]
[EventDate "1974.10.13"]
[Round "9.6"]
[White "Kirov, Nino"]
[Black "Hulak, Krunoslav"]
[Result "1/2-1/2"]
[WhiteElo "2465"]
[BlackElo "2475"]
[PlyCount "30"]
[Source "Perpetual Check"]

1. Nf3 g6 2. d4 Nf6 3. c4 Bg7 4. Nc3 O-O 5. g3 d5 6. cxd5 Nxd5 7. Bg2 c5 8. O-O
Nxc3 9. bxc3 Nc6 10. e3 Be6 11. Nd2 Na5 12. Ba3 cxd4 13. cxd4 Qd7 14. Bb4 Nc6
15. Bc3 Rac8 1/2-1/2

[Event "3rd Novi Sad it"]
[Site "Novi Sad"]
[Date "1974.10.23"]
[EventDate "1974.10.13"]
[Round "9.7"]
[White "Notaros, Krasoje"]
[Black "Maric, Rudolf"]
[Result "0-1"]
[WhiteElo "2290"]
[BlackElo "2455"]
[PlyCount "60"]
[Source "Perpetual Check"]

1. Nf3 f5 2. c4 Nf6 3. Nc3 e6 4. g3 Be7 5. Bg2 O-O 6. O-O d6 7. d4 a5 8. Re1
Ne4 9. Nxe4 fxe4 10. Nd2 d5 11. f3 exf3 12. Nxf3 c5 13. cxd5 exd5 14. Be3 c4
15. Ne5 Nc6 16. Nxc6 bxc6 17. b3 c3 18. Qc1 Qb6 19. Rd1 Bg4 20. Bf1 Qb4 21. Rd3
c2 22. Qxc2 Bf5 23. Qxc6 Bxd3 24. Qxd5+ Kh8 25. exd3 Bf6 26. Rc1 Rae8 27. Rc4
Qe1 28. Bf2 Qd2 29. Qg2 Bg5 30. d5 Rxf2 0-1

[Event "3rd Novi Sad it"]
[Site "Novi Sad"]
[Date "1974.10.23"]
[EventDate "1974.10.13"]
[Round "9.8"]
[White "Ilijic, Milan"]
[Black "Deze, Anton"]
[Result "0-1"]
[WhiteElo "2375"]
[BlackElo "2375"]
[PlyCount "78"]
[Source "Perpetual Check"]

1. c4 c5 2. g3 Nc6 3. Bg2 Nf6 4. Nc3 e6 5. Nf3 d5 6. cxd5 exd5 7. d4 Be7 8. O-O
O-O 9. dxc5 Bxc5 10. Bf4 a6 11. Rc1 Ba7 12. Bg5 Be6 13. a3 h6 14. Bf4 d4 15.
Na4 Nd5 16. Bd2 Qd6 17. b4 Rad8 18. Nc5 Bc8 19. Qc2 Rfe8 20. Rfe1 Qf6 21. Nxa6
d3 22. exd3 Nd4 23. Nxd4 Bxd4 24. Rxe8+ Rxe8 25. Be1 Ne3 26. Qa4 Rd8 27. Nc5
Nxg2 28. Kxg2 Bg4 29. f4 Qf5 30. Ne4 Bh3+ 31. Kh1 Qh5 32. Qd1 Bg4 33. Qxg4 Qxg4
34. Kg2 Qe2+ 35. Kh3 Qxd3 36. Nc5 Qf1+ 37. Kg4 Bf6 38. Nxb7 h5+ 39. Kf5 Qd3#
0-1

[Event "3rd Novi Sad it"]
[Site "Novi Sad"]
[Date "1974.10.24"]
[EventDate "1974.10.13"]
[Round "10.2"]
[White "Maric, Rudolf"]
[Black "Ilijic, Milan"]
[Result "1-0"]
[WhiteElo "2455"]
[BlackElo "2375"]
[PlyCount "61"]
[Source "Perpetual Check"]

1. e4 g6 2. Nc3 Bg7 3. f4 d6 4. Nf3 Nf6 5. d3 c5 6. Be2 Nc6 7. O-O O-O 8. Kh1
Rb8 9. Qe1 b5 10. Qh4 b4 11. Nb1 Qc7 12. Nbd2 a5 13. Nc4 Ba6 14. f5 Nd4 15.
Nxd4 cxd4 16. b3 Rfe8 17. Bg5 Qd8 18. Rae1 Bxc4 19. dxc4 Nd7 20. Rf3 Bf6 21.
Rh3 Nf8 22. Rf1 Bxg5 23. Qxg5 f6 24. Qh6 Qb6 25. fxg6 hxg6 26. c5 Qd8 27. cxd6
Kf7 28. Bc4+ e6 29. e5 f5 30. Rxf5+ gxf5 31. Rg3 1-0

[Event "3rd Novi Sad it"]
[Site "Novi Sad"]
[Date "1974.10.24"]
[EventDate "1974.10.13"]
[Round "10.3"]
[White "Hulak, Krunoslav"]
[Black "Notaros, Krasoje"]
[Result "1-0"]
[WhiteElo "2475"]
[BlackElo "2290"]
[PlyCount "85"]
[Source "Perpetual Check"]

1. e4 g6 2. c4 Bg7 3. d4 d6 4. Nc3 Nc6 5. d5 Nd4 6. Be3 c5 7. Nge2 Qb6 8. Nxd4
cxd4 9. Na4 Qa5+ 10. Bd2 Qd8 11. c5 dxc5 12. Bb5+ Bd7 13. Bxd7+ Qxd7 14. Nxc5
Qb5 15. b4 Nf6 16. a4 Qb6 17. Qf3 Rd8 18. O-O O-O 19. Qh3 Rfe8 20. Rfc1 Rc8 21.
Rab1 a6 22. Qd3 Red8 23. f3 Nd7 24. a5 Nxc5 25. bxc5 Qa7 26. Rb6 Be5 27. f4 Bc7
28. Qxd4 Bxb6 29. axb6 Qb8 30. Bc3 f6 31. d6 Rc6 32. Qd5+ Kg7 33. Qe6 Re8 34.
e5 f5 35. g4 Qd8 36. gxf5 exd6 37. exd6+ Kf8 38. Qf6+ Qxf6 39. Bxf6 Kf7 40. d7
Rxf6 41. dxe8=Q+ Kxe8 42. c6 Kd8 43. cxb7 1-0

[Event "3rd Novi Sad it"]
[Site "Novi Sad"]
[Date "1974.10.24"]
[EventDate "1974.10.13"]
[Round "10.4"]
[White "Jovic, Ljubomir"]
[Black "Kirov, Nino"]
[Result "1/2-1/2"]
[WhiteElo "2305"]
[BlackElo "2465"]
[PlyCount "38"]
[Source "Perpetual Check"]

1. e4 c5 2. Nc3 Nc6 3. g3 g6 4. Bg2 Bg7 5. f4 d6 6. Nf3 e6 7. O-O Nge7 8. d3
O-O 9. h3 Rb8 10. Be3 b5 11. a3 Qc7 12. g4 f5 13. gxf5 exf5 14. Kh1 b4 15. axb4
Rxb4 16. Nd5 Nxd5 17. exd5 Ne7 18. c4 Rxb2 19. d4 cxd4 1/2-1/2

[Event "3rd Novi Sad it"]
[Site "Novi Sad"]
[Date "1974.10.24"]
[EventDate "1974.10.13"]
[Round "10.6"]
[White "Marjan, Dusan"]
[Black "Buljovcic, Ivan"]
[Result "1/2-1/2"]
[WhiteElo "2250"]
[BlackElo "2460"]
[PlyCount "51"]
[Source "Perpetual Check"]

1. e4 c5 2. f4 Nc6 3. Nf3 e6 4. Qe2 Nge7 5. g3 g6 6. Bg2 Bg7 7. O-O d6 8. Nc3
O-O 9. d3 Rb8 10. Bd2 b5 11. Rfe1 b4 12. Nd1 a5 13. c3 bxc3 14. bxc3 a4 15. Ne3
Bd7 16. g4 d5 17. Qf2 Rb2 18. Nd1 Rb5 19. e5 f6 20. c4 Rb8 21. Qxc5 fxe5 22.
fxe5 Rxf3 23. Bxf3 Nxe5 24. Rxe5 Bxe5 25. Rc1 Nc6 26. Qf2 1/2-1/2

[Event "3rd Novi Sad it"]
[Site "Novi Sad"]
[Date "1974.10.24"]
[EventDate "1974.10.13"]
[Round "10.7"]
[White "Suba, Mihai"]
[Black "Forintos, Gyozo"]
[Result "0-1"]
[WhiteElo "2460"]
[BlackElo "2490"]
[PlyCount "68"]
[Source "Perpetual Check"]

1. c4 c5 2. Nf3 g6 3. e4 Bg7 4. d4 d6 5. Be2 Nf6 6. Nc3 O-O 7. O-O Na6 8. d5
Nc7 9. h3 a6 10. Bf4 Nd7 11. a4 Rb8 12. Qc1 Kh8 13. Qe3 f6 14. Rab1 Ne5 15. b4
cxb4 16. Rxb4 Nxf3+ 17. Bxf3 a5 18. Rbb1 Na6 19. Qa7 f5 20. Bd2 b6 21. exf5
gxf5 22. Rfe1 Bf6 23. Nb5 Rg8 24. Re2 h5 25. Rbe1 Bb7 26. Be3 Nc5 27. Bxc5 bxc5
28. Bxh5 e5 29. Rb1 e4 30. Nxd6 Qxd6 31. Rxb7 Rxb7 32. Qxb7 Rb8 33. Rb2 Rxb7
34. Rxb7 Bd4 0-1

[Event "3rd Novi Sad it"]
[Site "Novi Sad"]
[Date "1974.10.24"]
[EventDate "1974.10.13"]
[Round "10.8"]
[White "Hernandez Onna, Roman"]
[Black "Raicevic, Vladimir"]
[Result "0-1"]
[WhiteElo "2395"]
[BlackElo "2490"]
[PlyCount "72"]
[Source "Perpetual Check"]

1. c4 e6 2. d4 d5 3. Nc3 Nf6 4. Bg5 Nbd7 5. e3 Be7 6. Nf3 O-O 7. Rc1 c6 8. Bd3
dxc4 9. Bxc4 Nd5 10. Bxe7 Qxe7 11. O-O Nxc3 12. Rxc3 e5 13. Nxe5 Nxe5 14. dxe5
Qxe5 15. f4 Qe4 16. Qe2 Bf5 17. g4 Bd7 18. Bd3 Qe7 19. e4 Rfe8 20. Bb1 Rad8 21.
f5 c5 22. f6 Qe5 23. fxg7 Qg5 24. Qf2 Qxg4+ 25. Rg3 Qh5 26. e5 Be6 27. b3 Rd4
28. Qe3 Red8 29. Be4 Rd2 30. Bg2 b6 31. a3 Re2 32. Qg5 Qxg5 33. Rxg5 Bxb3 34.
Bh3 Re8 35. Bf5 R2xe5 36. Rf4 Bc2 0-1

[Event "3rd Novi Sad it"]
[Site "Novi Sad"]
[Date "1974.10.25"]
[EventDate "1974.10.13"]
[Round "11.2"]
[White "Forintos, Gyozo"]
[Black "Hernandez Onna, Roman"]
[Result "1-0"]
[WhiteElo "2490"]
[BlackElo "2395"]
[PlyCount "83"]
[Source "Perpetual Check"]

1. d4 d5 2. c4 e6 3. Nc3 Be7 4. Nf3 Nf6 5. Bf4 O-O 6. e3 c5 7. dxc5 Nc6 8. Qc2
Bxc5 9. a3 Qa5 10. Rd1 Be7 11. Nd2 e5 12. Bg5 d4 13. Nb3 Qd8 14. exd4 exd4 15.
Be2 Ng4 16. Bxe7 Qxe7 17. Nd5 Qe5 18. f4 Ne3 19. fxe5 Nxc2+ 20. Kf2 Bf5 21. Rd2
Rae8 22. Rc1 Nxe5 23. Nxd4 Nxd4 24. Rxd4 Nc6 25. Rd2 Be4 26. Nc3 f5 27. Nxe4
fxe4+ 28. Ke3 Ne5 29. Rd4 Nc6 30. Rd7 Re7 31. Rxe7 Nxe7 32. Kxe4 Rf2 33. Rc2
Rxg2 34. Bd3 Rxc2 35. Bxc2 Kf7 36. Ke5 Nc8 37. Be4 b6 38. b4 Ke7 39. Bxh7 a5
40. Kd5 axb4 41. axb4 Nd6 42. Bd3 1-0

[Event "3rd Novi Sad it"]
[Site "Novi Sad"]
[Date "1974.10.25"]
[EventDate "1974.10.13"]
[Round "11.3"]
[White "Buljovcic, Ivan"]
[Black "Suba, Mihai"]
[Result "1/2-1/2"]
[WhiteElo "2460"]
[BlackElo "2460"]
[PlyCount "31"]
[Source "Perpetual Check"]

1. e4 e6 2. d4 d5 3. Nd2 dxe4 4. Nxe4 Bd7 5. Nf3 Bc6 6. Bd3 Nd7 7. Bf4 Be7 8.
Ned2 Ngf6 9. O-O O-O 10. Nc4 Be4 11. Bxe4 Nxe4 12. Re1 Nd6 13. Na5 Nf6 14. Qe2
Re8 15. Rad1 c6 16. Nb3 1/2-1/2

[Event "3rd Novi Sad it"]
[Site "Novi Sad"]
[Date "1974.10.25"]
[EventDate "1974.10.13"]
[Round "11.5"]
[White "Kirov, Nino"]
[Black "Radulov, Ivan"]
[Result "1/2-1/2"]
[WhiteElo "2465"]
[BlackElo "2490"]
[PlyCount "34"]
[Source "Perpetual Check"]

1. e4 c6 2. d4 d5 3. Nd2 dxe4 4. Nxe4 Nd7 5. Nf3 Ngf6 6. Nxf6+ Nxf6 7. Bc4 e6
8. O-O Be7 9. c3 O-O 10. Bg5 Nd5 11. Qd2 Bxg5 12. Qxg5 Qxg5 13. Nxg5 b6 14. Ne4
Rd8 15. Rfe1 Bb7 16. Rad1 Rd7 17. f3 Rad8 1/2-1/2

[Event "3rd Novi Sad it"]
[Site "Novi Sad"]
[Date "1974.10.25"]
[EventDate "1974.10.13"]
[Round "11.6"]
[White "Notaros, Krasoje"]
[Black "Jovic, Ljubomir"]
[Result "1-0"]
[WhiteElo "2290"]
[BlackElo "2305"]
[PlyCount "60"]
[Source "Perpetual Check"]

1. Nf3 g6 2. g3 Bg7 3. Bg2 e5 4. d3 d5 5. O-O Ne7 6. e4 Nbc6 7. c3 O-O 8. Be3
dxe4 9. dxe4 b6 10. Qa4 Bg4 11. Rd1 Qc8 12. Na3 h6 13. Rd2 g5 14. Ne1 Nd8 15.
f3 Be6 16. Bf1 a6 17. Nac2 Ng6 18. Nb4 b5 19. Qd1 c6 20. Nbd3 f5 21. Nc5 f4 22.
Bf2 g4 23. Rd6 Bf7 24. Nd7 Nb7 25. Nxf8 Bxf8 26. Rd2 Qe8 27. fxg4 Be6 28. Qf3
Be7 29. Ng2 Qf7 30. Rad1 {time} 1-0

[Event "3rd Novi Sad it"]
[Site "Novi Sad"]
[Date "1974.10.25"]
[EventDate "1974.10.13"]
[Round "11.7"]
[White "Ilijic, Milan"]
[Black "Hulak, Krunoslav"]
[Result "0-1"]
[WhiteElo "2375"]
[BlackElo "2475"]
[PlyCount "113"]
[Source "Perpetual Check"]

1. c4 g6 2. g3 Bg7 3. Bg2 Nf6 4. Nc3 O-O 5. d4 d6 6. Nf3 c6 7. O-O Nbd7 8. h3
e5 9. e4 Re8 10. Be3 exd4 11. Nxd4 a5 12. Qc2 Nc5 13. Rad1 Nfd7 14. Rfe1 a4 15.
f4 Qa5 16. Kh2 Qb4 17. Nb1 Nf6 18. Bd2 Qb6 19. Bc3 Bd7 20. Nd2 Na6 21. Nf1 Nb4
22. Qb1 Qc5 23. Ne3 Rad8 24. b3 Na6 25. bxa4 Qh5 26. f5 Nc5 27. Bf3 Qh6 28. Nf1
gxf5 29. exf5 Bh8 30. a5 Bc8 31. Rxe8+ Rxe8 32. Re1 Qf8 33. g4 Nfd7 34. Ng3 Ne5
35. Bg2 Nxc4 36. Qc1 Ne5 37. Nh5 f6 38. a6 Ncd3 39. Qd1 Nxe1 40. a7 Bd7 41.
Bxe1 Qf7 42. Qa4 Ra8 43. Qa5 Be8 44. Ne6 b6 45. Qd2 d5 46. Bh4 Rxa7 47. Qh6 Nd7
48. Qc1 Nf8 49. Qb2 Nxe6 50. fxe6 Qxe6 51. Bxf6 Bxh5 52. Bxh8 Bg6 53. Qxb6 Rxa2
54. Qd8+ Qe8 55. Qf6 Qf8 56. Qe5 Be4 57. Qg5+ 0-1

[Event "3rd Novi Sad it"]
[Site "Novi Sad"]
[Date "1974.10.25"]
[EventDate "1974.10.13"]
[Round "11.8"]
[White "Deze, Anton"]
[Black "Maric, Rudolf"]
[Result "1/2-1/2"]
[WhiteElo "2375"]
[BlackElo "2455"]
[PlyCount "102"]
[Source "Perpetual Check"]

1. c4 f5 2. Nf3 e6 3. g3 Nf6 4. Bg2 Be7 5. O-O O-O 6. d3 d6 7. Nc3 e5 8. h3 Qe8
9. e4 fxe4 10. dxe4 Nc6 11. Be3 Nd8 12. c5 Ne6 13. cxd6 Bxd6 14. Nh4 Bc5 15.
Bxc5 Nxc5 16. Nd5 Ne6 17. Nf5 Kh8 18. Rc1 c6 19. Nde3 g6 20. Nd6 Qe7 21. Nec4
Ng5 22. Nxc8 Raxc8 23. Qd6 Rce8 24. Rfe1 Nf7 25. Qd2 Rd8 26. Qc3 Kg8 27. Rcd1
Nh5 28. b4 Qf6 29. h4 Rd4 30. Ne3 Rfd8 31. Qb3 Kg7 32. Ng4 Qe7 33. Rxd4 Rxd4
34. a3 Nf6 35. Nxf6 Qxf6 36. Bh3 Nd6 37. Qc3 Nxe4 38. Qe3 Nd2 39. Bg2 Nc4 40.
Qc3 Rd2 41. f4 b5 42. Bf1 e4 43. Qxf6+ Kxf6 44. Bg2 Nd6 45. Rc1 e3 46. Bxc6 Nf5
47. Re1 Nd4 48. Be4 Ne2+ 49. Kg2 Nxf4+ 50. Kf3 Nd5 51. Bxd5 Rxd5 1/2-1/2

[Event "3rd Novi Sad it"]
[Site "Novi Sad"]
[Date "1974.10.26"]
[EventDate "1974.10.13"]
[Round "12.1"]
[White "Tal, Mikhail"]
[Black "Maric, Rudolf"]
[Result "1-0"]
[WhiteElo "2635"]
[BlackElo "2455"]
[PlyCount "75"]
[Source "Perpetual Check"]

1. e4 e6 2. d4 d5 3. Nd2 c5 4. Ngf3 Nc6 5. Bb5 cxd4 6. Nxd4 Bd7 7. Nxc6 Bxc6 8.
Bxc6+ bxc6 9. c4 dxe4 10. Qa4 Qb6 11. Nxe4 Qb4+ 12. Qxb4 Bxb4+ 13. Ke2 f5 14.
Ng5 Ke7 15. Bf4 Nf6 16. a3 Bc5 17. b4 Bd4 18. Rad1 c5 19. Nf3 Nh5 20. Be5 Bxe5
21. Nxe5 cxb4 22. Nc6+ Kf6 23. axb4 Nf4+ 24. Kf3 Rhc8 25. b5 Ng6 26. Rhe1 Rc7
27. Rd6 Nf8 28. Ke3 Rb7 29. Kd4 Rc8 30. Ra1 Ra8 31. Ra6 g6 32. f4 h6 33. Nd8
Re7 34. c5 g5 35. g3 gxf4 36. gxf4 Rd7 37. Rxd7 Nxd7 38. Rxe6+ 1-0

[Event "3rd Novi Sad it"]
[Site "Novi Sad"]
[Date "1974.10.26"]
[EventDate "1974.10.13"]
[Round "12.2"]
[White "Hulak, Krunoslav"]
[Black "Deze, Anton"]
[Result "1-0"]
[WhiteElo "2475"]
[BlackElo "2375"]
[PlyCount "76"]
[Source "Perpetual Check"]

1. e4 c5 2. Nf3 Nc6 3. Bb5 d6 4. O-O Bg4 5. h3 Bh5 6. c3 Nf6 7. Re1 Nd7 8. Be2
e6 9. d3 Be7 10. Nbd2 O-O 11. Nf1 Bg6 12. Ng3 Rb8 13. Bf4 b5 14. d4 e5 15. Be3
exd4 16. cxd4 Re8 17. Rc1 Bf6 18. dxc5 dxc5 19. Bxc5 Bxb2 20. Rc2 Nxc5 21. Rxc5
Ne5 22. Qxd8 Nxf3+ 23. gxf3 Rexd8 24. Rxb5 Rxb5 25. Bxb5 Be5 26. Bc4 Kf8 27.
Nf1 Bh5 28. Kg2 Rd6 29. Rb1 Rd4 30. Ne3 f6 31. Rb7 a5 32. Ra7 Rd2 33. Nf5 Be8
34. Rxa5 g6 35. Ne3 Bd4 36. Kf1 Rb2 37. Bb3 Bd7 38. Nd1 Bxh3+ 1-0

[Event "3rd Novi Sad it"]
[Site "Novi Sad"]
[Date "1974.10.26"]
[EventDate "1974.10.13"]
[Round "12.3"]
[White "Jovic, Ljubomir"]
[Black "Ilijic, Milan"]
[Result "1/2-1/2"]
[WhiteElo "2305"]
[BlackElo "2375"]
[PlyCount "143"]
[Source "Perpetual Check"]

1. e4 g6 2. d4 Bg7 3. Nc3 d6 4. Be2 Nc6 5. Nf3 Nf6 6. d5 Nb8 7. O-O O-O 8. h3
c5 9. a4 b6 10. Nd2 Na6 11. f4 Nc7 12. Nc4 Rb8 13. f5 a6 14. fxg6 hxg6 15. Bg5
b5 16. Na5 Bd7 17. axb5 Nxb5 18. Bxb5 axb5 19. Nc6 Bxc6 20. dxc6 b4 21. Nd5
Nxd5 22. exd5 Qc7 23. Ra2 e6 24. Bf6 Bxf6 25. Rxf6 Qe7 26. Rf1 Rfc8 27. c4 bxc3
28. bxc3 exd5 29. Qxd5 Rc7 30. Raf2 Rf8 31. Rf6 Kg7 32. Qxd6 Qxd6 33. Rxd6 Ra8
34. Rd7 Rxd7 35. cxd7 Rd8 36. Rd1 Kf6 37. Rd5 Ke6 38. Rxc5 Rxd7 39. Kf2 Rd2+
40. Kf3 Kd6 41. Rc8 Ke5 42. h4 Rd3+ 43. Kf2 Kf4 44. Rc4+ Kf5 45. g3 Ke5 46. Rc7
f6 47. Rc5+ Ke4 48. Rc4+ Ke5 49. Rc6 Kf5 50. Rc4 Ke5 51. Kg2 Kf5 52. Rf4+ Ke5
53. Rf3 Rd2+ 54. Rf2 Rd3 55. Rf3 Rd2+ 56. Kh3 f5 57. Rf4 Rd3 58. Rc4 Kd5 59.
Rc8 Ke4 60. Rc6 Rd1 61. Rc4+ Kd5 62. Rf4 Rc1 63. Rd4+ Ke5 64. Rc4 Kd5 65. Rf4
Ke5 66. Rc4 Kd5 67. Rf4 Ke5 68. Rc4 Kd5 69. Rf4 Ke5 70. Rc4 Kd5 71. Rf4 Ke5 72.
Rc4 1/2-1/2

[Event "3rd Novi Sad it"]
[Site "Novi Sad"]
[Date "1974.10.26"]
[EventDate "1974.10.13"]
[Round "12.4"]
[White "Radulov, Ivan"]
[Black "Notaros, Krasoje"]
[Result "1-0"]
[WhiteElo "2490"]
[BlackElo "2290"]
[PlyCount "85"]
[Source "Perpetual Check"]

1. e4 g6 2. d4 Bg7 3. Nc3 c6 4. f4 d5 5. e5 Nh6 6. Nf3 Bg4 7. Be3 f6 8. Be2 Nf5
9. Bf2 Bh6 10. g3 Ng7 11. h3 Bf5 12. Qd2 Ne6 13. Be3 Be4 14. O-O-O f5 15. Nxe4
dxe4 16. Nh4 Nc7 17. g4 e6 18. Ng2 b5 19. h4 Qe7 20. h5 Nd7 21. hxg6 hxg6 22.
Nh4 Nf8 23. gxf5 gxf5 24. Rh3 O-O-O 25. Rdh1 Bg7 26. c4 bxc4 27. Bxc4 Nd5 28.
Bf2 Qf7 29. Kb1 Nd7 30. Rc1 Nb8 31. Rb3 Bh6 32. Qa5 Nb6 33. Rxb6 axb6 34. Qxb6
Rhe8 35. Ba6+ Nxa6 36. Rxc6+ Nc7 37. Qa6+ Kd7 38. Rxc7+ Kxc7 39. Qa7+ Kc6 40.
Qxf7 Bxf4 41. Ng2 Bg5 42. Qa7 f4 43. d5+ 1-0

[Event "3rd Novi Sad it"]
[Site "Novi Sad"]
[Date "1974.10.26"]
[EventDate "1974.10.13"]
[Round "12.5"]
[White "Marjan, Dusan"]
[Black "Kirov, Nino"]
[Result "0-1"]
[WhiteElo "2250"]
[BlackElo "2465"]
[PlyCount "70"]
[Source "Perpetual Check"]

1. e4 c5 2. f4 Nc6 3. Nf3 g6 4. g3 Bg7 5. Bg2 d6 6. O-O e6 7. d3 Nge7 8. Nc3
O-O 9. Qe2 Rb8 10. Bd2 b5 11. Rfe1 b4 12. Nd1 a5 13. Rb1 a4 14. Ne3 Re8 15. Qf2
Nd4 16. c3 Nxf3+ 17. Bxf3 Ba6 18. Be2 a3 19. cxb4 axb2 20. Nd1 Bd4 21. Be3 Bxe3
22. Qxe3 Rxb4 23. Rxb2 Rxb2 24. Nxb2 Qa5 25. Ra1 Qc3 26. Qc1 Qd4+ 27. Kg2 f5
28. exf5 Nxf5 29. g4 Bb7+ 30. Kf1 Ne3+ 31. Ke1 Qb4+ 32. Kf2 Qxf4+ 33. Ke1 Qb4+
34. Kf2 Rf8+ 35. Kg1 Qd4 0-1

[Event "3rd Novi Sad it"]
[Site "Novi Sad"]
[Date "1974.10.26"]
[EventDate "1974.10.13"]
[Round "12.7"]
[White "Hernandez Onna, Roman"]
[Black "Buljovcic, Ivan"]
[Result "1/2-1/2"]
[WhiteElo "2395"]
[BlackElo "2460"]
[PlyCount "23"]
[Source "Perpetual Check"]

1. e4 e6 2. d4 d5 3. Nd2 dxe4 4. Nxe4 Bd7 5. Nf3 Bc6 6. Bd3 Nd7 7. O-O Be7 8.
Qe2 Ngf6 9. Bg5 Nxe4 10. Bxe7 Qxe7 11. Bxe4 Bxe4 12. Qxe4 1/2-1/2

[Event "3rd Novi Sad it"]
[Site "Novi Sad"]
[Date "1974.10.26"]
[EventDate "1974.10.13"]
[Round "12.8"]
[White "Raicevic, Vladimir"]
[Black "Forintos, Gyozo"]
[Result "0-1"]
[WhiteElo "2490"]
[BlackElo "2490"]
[PlyCount "64"]
[Source "Perpetual Check"]

1. c4 g6 2. Nc3 Bg7 3. g3 c5 4. Bg2 Nc6 5. Rb1 b6 6. a3 Bb7 7. b4 cxb4 8. axb4
Qc8 9. Nd5 e6 10. Ne3 Nd4 11. f3 Ne7 12. Nh3 O-O 13. Bb2 b5 14. d3 e5 15. O-O
Ndf5 16. Nxf5 Nxf5 17. Qb3 d5 18. cxb5 Qd7 19. Rfc1 Qxb5 20. Rc5 Qb6 21. e4
Rfc8 22. Rbc1 Rxc5 23. Rxc5 Bf8 24. Qc3 Nd4 25. Kf2 Ne6 26. Ke2 d4 27. Qc2 Nxc5
28. bxc5 Qxc5 29. Qb3 Qb4 30. Qa2 Rc8 31. Kd1 Be7 32. f4 Bc6 0-1